NATURE, HUMAN NATURE, AND SOCIETY: MARX, DARWIN, BIOLOGY,AND THE HUMAN SCIENCES. (Record no. 9530)

MARC details
000 -LEADER
fixed length control field 00409nam a22001457a 4500
003 - CONTROL NUMBER IDENTIFIER
control field OSt
005 - DATE AND TIME OF LATEST TRANSACTION
control field 20260502155644.0
008 - FIXED-LENGTH DATA ELEMENTS--GENERAL INFORMATION
fixed length control field 260502b |||||||| |||| 00| 0 eng d
040 ## - CATALOGING SOURCE
Transcribing agency IRDP
082 ## - DEWEY DECIMAL CLASSIFICATION NUMBER
Classification number 306.01 HEY
100 ## - MAIN ENTRY--PERSONAL NAME
Relator code AUTHOR
Personal name HEYER, PAUL
245 ## - TITLE STATEMENT
Title NATURE, HUMAN NATURE, AND SOCIETY: MARX, DARWIN, BIOLOGY,AND THE HUMAN SCIENCES.
260 ## - PUBLICATION, DISTRIBUTION, ETC. (IMPRINT)
Place of publication, distribution, etc. LONDON;
Name of publisher, distributor, etc. GREENWOOD PRESS,
Date of publication, distribution, etc. C1982.
942 ## - ADDED ENTRY ELEMENTS (KOHA)
Source of classification or shelving scheme Dewey Decimal Classification
Koha item type BOOKS
Holdings
Withdrawn status Lost status Source of classification or shelving scheme Damaged status Not for loan Home library Current library Shelving location Date acquired Total Checkouts Full call number Barcode Date last seen Price effective from Koha item type
    Dewey Decimal Classification     Dodoma Dodoma Ground Floor 02/05/2026   306.01 HEY LIB002433 02/05/2026 02/05/2026 BOOKS

IRDP © 2021 :: Managed by ICT Team